000 00632nam a22001935i 4500
001 155743
003 ES-MaACL
005 20250716062631.0
008 010926s1840 fr |||| | fre d
040 _aCAM
_bspa
_cCAM
100 1 _aHugo, Victor,
_d1802-1885
_964627
245 1 4 _aLes rayons et les ombres /
_cVictor Hugo.
260 _aParis :
_bJ. Hetzel :
_bMaison Quantin,
_c[1840?] (
_fMotteroz)
300 _a278 p. ;
_c18 cm.
490 1 _aOeuvres complètes de Victor Hugo. Poésie
830 0 _aOeuvres complètes de Victor Hugo. Poésie
_9187962
852 _aES-MaACL
_jG-3088
_z-- Enc. hol.
999 _c155743
_d155743